000
00210 a2200097 4500
001
30776
100
_a
Bradley, D
245
_a
American Themes
260
_a
London
_b
Hamish Hamilton
_c
090
_c
20708
_d
20708
942
_a
NUST-CAE
_c
M
_c
11901
999
_c
265849
_d
265849